[Event "Copenhagen Chess Challenge 2011"]
[Site "Ballerup"]
[Date "2011.05.20"]
[Round "4"]
[White "Andreasen, Per"]
[Black "Pedersen, Sven"]
[Result "1/2-1/2"]
[WhiteElo "2269"]
[BlackElo "2125"]
[PlyCount "27"]
[EventDate "2011.??.??"]
[EventType "swiss"]
[EventRounds "9"]
[EventCountry "DEN"]

1. Nf3 d5 2. g3 e6 3. Bg2 c5 4. O-O Nc6 5. c4 d4 6. e3 Nf6 7. exd4 cxd4 8. d3
Be7 9. Bf4 O-O 10. Ne5 Qb6 11. Na3 Nxe5 12. Bxe5 Nd7 13. Bf4 e5 14. Bc1 1/2-1/2

[Event "Copenhagen Chess Challenge 2011"]
[Site "Ballerup"]
[Date "2011.05.20"]
[Round "4"]
[White "Olsen, Peter Erik"]
[Black "Brekka, Hanus"]
[Result "1/2-1/2"]
[WhiteElo "2241"]
[BlackElo "2101"]
[PlyCount "55"]
[EventDate "2011.??.??"]
[EventType "swiss"]
[EventRounds "9"]
[EventCountry "DEN"]

1. d4 d5 2. c4 c6 3. Nf3 Nf6 4. e3 e6 5. Nc3 Be7 6. Qc2 O-O 7. b3 Nbd7 8. Bb2
b6 9. Be2 Bb7 10. O-O c5 11. Rfd1 Qb8 12. cxd5 exd5 13. Qf5 g6 14. Qg5 Re8 15.
Rac1 Nh5 16. Qg4 Ndf6 17. Qh3 Bc8 18. g4 Bxg4 19. Qg2 Qc8 20. Ne5 Bxe2 21. Nxe2
Qe6 22. Nd3 cxd4 23. Bxd4 Bd6 24. Bxf6 Qxf6 25. Qxd5 Rad8 26. Qg2 Qf5 27. Nd4
Qe4 28. Qxe4 1/2-1/2

[Event "Copenhagen Chess Challenge 2011"]
[Site "Ballerup"]
[Date "2011.05.20"]
[Round "4"]
[White "Lindgren, Philip"]
[Black "Rostgaard, Tobias Valentin"]
[Result "1-0"]
[WhiteElo "2126"]
[BlackElo "2207"]
[PlyCount "79"]
[EventDate "2011.??.??"]
[EventType "swiss"]
[EventRounds "9"]
[EventCountry "DEN"]

1. d4 g6 2. c4 Bg7 3. Nc3 d6 4. e4 e5 5. Be3 exd4 6. Bxd4 Nf6 7. Nf3 O-O 8. Qc2
Nc6 9. Rd1 Nxd4 10. Nxd4 Re8 11. Be2 Qe7 12. f3 c6 13. O-O Be6 14. Nxe6 Qxe6
15. Kh1 Rad8 16. Rfe1 h5 17. Bf1 Bh6 18. Qf2 a6 19. c5 dxc5 20. Qxc5 Bd2 21.
Bc4 Qc8 22. Rxd2 Rxd2 23. Qg5 Qd8 24. Qxg6+ Kh8 25. Bxf7 Re5 26. h3 Nh7 27. f4
Re7 28. e5 Qf8 29. e6 Qg7 30. Qe4 Nf6 31. Qf3 Rxb2 32. Re5 Rxf7 33. exf7 Qxf7
34. Ne4 Rb1+ 35. Kh2 Nh7 36. Nd6 Qg6 37. Qc3 Qf6 38. Re8+ Kg7 39. Re7+ Kg8 40.
Qg3+ 1-0

[Event "Copenhagen Chess Challenge 2011"]
[Site "Ballerup"]
[Date "2011.05.20"]
[Round "4"]
[White "Halamus, Agata"]
[Black "Eriksson, Christian Altenburg"]
[Result "0-1"]
[WhiteElo "2047"]
[BlackElo "2139"]
[PlyCount "146"]
[EventDate "2011.??.??"]
[EventType "swiss"]
[EventRounds "9"]
[EventCountry "DEN"]

1. e4 c5 2. Nf3 Nc6 3. d4 cxd4 4. Nxd4 e5 5. Nb5 d6 6. N1c3 a6 7. Na3 b5 8. Nd5
Nf6 9. Bg5 Be7 10. Bxf6 Bxf6 11. c4 b4 12. Nc2 a5 13. Qf3 Be6 14. Rd1 Bxd5 15.
cxd5 Nb8 16. Bb5+ Nd7 17. Qg4 Ra7 18. Ne3 O-O 19. Bxd7 Rxd7 20. O-O Rc7 21. b3
Rc3 22. Rc1 Bg5 23. Rxc3 bxc3 24. Qe2 Qc7 25. Nc4 Rc8 26. Qc2 Bd2 27. Rd1 Qc5
28. g3 g6 29. Nxd2 cxd2 30. Qxc5 Rxc5 31. Rxd2 f5 32. f3 Rc3 33. Kf2 Kf7 34.
Rb2 fxe4 35. fxe4 Ke7 36. Re2 g5 37. Ke1 Rd3 38. Kf2 Rc3 39. Rb2 Kd7 40. a4 g4
41. Ke2 h5 42. b4 Ra3 43. bxa5 Rxa4 44. Kd3 Kc7 45. Rf2 Rxa5 46. Rf5 Kb6 47.
Rxh5 Ra3+ 48. Kd2 Kc5 49. Rh4 Kd4 50. Rxg4 Ra2+ 51. Kc1 Rxh2 52. Rg6 Kxe4 53.
Rxd6 Rg2 54. Rd8 Rxg3 55. Kc2 Kd4 56. d6 Rc3+ 57. Kd2 Ra3 58. d7 Ra2+ 59. Kc1
Ra7 60. Kd2 e4 61. Rh8 Rxd7 62. Rh3 Ra7 63. Rg3 e3+ 64. Kc2 Rc7+ 65. Kd1 Kd3
66. Rh3 Rg7 67. Kc1 Rg1+ 68. Kb2 Kd2 69. Rh8 e2 70. Rd8+ Ke3 71. Re8+ Kd3 72.
Rd8+ Kc4 73. Rc8+ Kd5 0-1

[Event "Copenhagen Chess Challenge 2011"]
[Site "Ballerup"]
[Date "2011.05.20"]
[Round "4"]
[White "Andersen, Lars Christoff"]
[Black "Haubro, Martin"]
[Result "0-1"]
[WhiteElo "2138"]
[BlackElo "2003"]
[PlyCount "62"]
[EventDate "2011.??.??"]
[EventType "swiss"]
[EventRounds "9"]
[EventCountry "DEN"]

1. d4 f5 2. c4 Nf6 3. Nc3 d6 4. Nf3 g6 5. e3 Bg7 6. Be2 O-O 7. O-O c6 8. b4 Qe8
9. Bb2 e5 10. dxe5 dxe5 11. Qb3 Nh5 12. Rad1 f4 13. Ne4 Qe7 14. Rd6 Bf5 15.
Neg5 c5 16. Qd1 e4 17. Qd5+ Kh8 18. Nf7+ Rxf7 19. Rd8+ Rf8 20. Rxf8+ Qxf8 21.
Ne5 Bxe5 22. Bxe5+ Ng7 23. Qxb7 Nd7 24. Bxg7+ Kxg7 25. bxc5 Rb8 26. Qxa7 Qxc5
27. Qxc5 Nxc5 28. exf4 Rb2 29. Bd1 Rxa2 30. g4 Be6 31. Re1 Ra1 0-1

[Event "Copenhagen Chess Challenge 2011"]
[Site "Ballerup"]
[Date "2011.05.20"]
[Round "4"]
[White "Molvig, Julius"]
[Black "Hvenekilde, Jorgen"]
[Result "1/2-1/2"]
[WhiteElo "1830"]
[BlackElo "2127"]
[PlyCount "48"]
[EventDate "2011.??.??"]
[EventType "swiss"]
[EventRounds "9"]
[EventCountry "DEN"]

1. d4 d6 2. c4 g6 3. Nc3 Bg7 4. e4 e6 5. Nf3 Nd7 6. Be2 a6 7. O-O b6 8. Be3 Bb7
9. Qc2 Ne7 10. Rfd1 h6 11. d5 e5 12. b4 f5 13. Na4 f4 14. Bc1 g5 15. Nd2 Nf6
16. f3 h5 17. c5 g4 18. cxb6 cxb6 19. b5 a5 20. Nc4 Nc8 21. Ba3 Bf8 22. Qd2 Rg8
23. Qe1 Nd7 24. Kh1 Rg6 1/2-1/2

[Event "Copenhagen Chess Challenge 2011"]
[Site "Ballerup"]
[Date "2011.05.20"]
[Round "4"]
[White "Kokholm, Daniel"]
[Black "Andersen, Rune Egede"]
[Result "0-1"]
[WhiteElo "1934"]
[BlackElo "2063"]
[PlyCount "102"]
[EventDate "2011.??.??"]
[EventType "swiss"]
[EventRounds "9"]
[EventCountry "DEN"]

1. e4 e6 2. d3 c5 3. Nf3 Nc6 4. Nbd2 g6 5. g3 Bg7 6. Bg2 Nge7 7. O-O O-O 8. Re1
d6 9. Nf1 h6 10. h4 Kh7 11. c3 Rb8 12. Be3 f5 13. Qc2 e5 14. Rad1 Qa5 15. b3 b5
16. a3 Be6 17. Ra1 Qc7 18. Bc1 Qd7 19. Rb1 Rfc8 20. Ne3 a6 21. Rb2 Qe8 22. Qd2
Qf7 23. Qc2 d5 24. exd5 Nxd5 25. Nxd5 Bxd5 26. h5 g5 27. g4 fxg4 28. Nxe5 Nxe5
29. d4+ Kh8 30. Bxd5 Qxd5 31. dxe5 Re8 32. Qe4 Rxe5 33. Qxd5 Rxd5 34. Rd2 Rbd8
35. Red1 Rxd2 36. Rxd2 Re8 37. Rc2 Re4 38. Be3 c4 39. bxc4 Rxc4 40. Bd2 Be5 41.
Kg2 Kg7 42. Be1 Kf6 43. f3 Kf5 44. fxg4+ Kxg4 45. Rc1 Kxh5 46. Bd2 Kg4 47. Kf2
Bf4 48. Rg1+ Kf5 49. Be1 h5 50. Rh1 h4 51. Ke2 Ra4 0-1

[Event "Copenhagen Chess Challenge 2011"]
[Site "Ballerup"]
[Date "2011.05.20"]
[Round "4"]
[White "Olsen, Aage"]
[Black "Rimestad, Arild"]
[Result "1/2-1/2"]
[WhiteElo "2005"]
[BlackElo "1725"]
[PlyCount "62"]
[EventDate "2011.??.??"]
[EventType "swiss"]
[EventRounds "9"]
[EventCountry "DEN"]

1. e4 d5 2. exd5 Qxd5 3. Nc3 Qa5 4. d4 Bf5 5. Bd2 c6 6. Bc4 e6 7. Nf3 Nd7 8.
O-O Ngf6 9. Re1 O-O-O 10. a3 Qc7 11. Qe2 Bd6 12. h3 h6 13. Ne5 Nb6 14. Bb3 Nbd5
15. Qf3 Nxc3 16. Bxc3 Bxe5 17. dxe5 Nd5 18. Bd2 g5 19. Rad1 Qe7 20. c4 Nb6 21.
Bb4 c5 22. Rxd8+ Rxd8 23. Ba5 Rd3 24. Re3 Qd7 25. Bc3 Kc7 26. Rxd3 Qxd3 27. Qh5
Bg6 28. Qxh6 Qb1+ 29. Kh2 Qf5 30. Kg1 Qb1+ 31. Kh2 Qf5 1/2-1/2

[Event "Copenhagen Chess Challenge 2011"]
[Site "Ballerup"]
[Date "2011.05.20"]
[Round "4"]
[White "Andersen, Daniel"]
[Black "Borg, Flemming"]
[Result "1-0"]
[WhiteElo "1997"]
[BlackElo "1854"]
[PlyCount "137"]
[EventDate "2011.??.??"]
[EventType "swiss"]
[EventRounds "9"]
[EventCountry "DEN"]

1. c4 e5 2. Nc3 d6 3. e4 Nf6 4. Nge2 Nbd7 5. d4 Be7 6. f3 O-O 7. Be3 c6 8. d5
c5 9. g4 Ne8 10. Ng3 Bg5 11. Qd2 Bxe3 12. Qxe3 a6 13. g5 g6 14. h4 Ng7 15. Bd3
f5 16. gxf6 Qxf6 17. Ke2 Qf4 18. Rag1 h5 19. Rg2 Rf6 20. Rhg1 Nf8 21. Rh1 Bd7
22. Kf2 Bg4 23. Qxf4 Rxf4 24. Be2 b5 25. Ke3 Bd7 26. cxb5 axb5 27. Bxb5 Kh7 28.
Bxd7 Nxd7 29. Nf1 Nf8 30. Nd2 Ne8 31. Nc4 Rb8 32. Rf2 Nd7 33. Ne2 Rf7 34. Rc1
Nb6 35. b3 Nxc4+ 36. Rxc4 Ra7 37. Rc2 Nc7 38. Nc3 Rf8 39. f4 Rxf4 40. Rxf4
exf4+ 41. Kxf4 Ne8 42. Re2 Kh6 43. e5 Rf7+ 44. Ke3 dxe5 45. Ne4 Rd7 46. Rd2 Nc7
47. d6 Ne8 48. Rd5 Kg7 49. Kf3 Nf6 50. Nxf6 Kxf6 51. Ke4 Ke6 52. Rxe5+ Kxd6 53.
Rd5+ Kc6 54. Rxd7 Kxd7 55. Kf4 Kc6 56. Kg5 Kb5 57. a4+ Kc6 58. Kxg6 Kd5 59.
Kxh5 Kd4 60. Kg4 Kc3 61. h5 Kxb3 62. h6 Kxa4 63. h7 c4 64. h8=Q Kb3 65. Qb8+
Kc2 66. Qh2+ Kb3 67. Qd2 c3 68. Qc1 c2 69. Kf3 1-0

[Event "Copenhagen Chess Challenge 2011"]
[Site "Ballerup"]
[Date "2011.05.20"]
[Round "4"]
[White "Langmyhr, Tore"]
[Black "Andersen, Troels Baekgaard"]
[Result "1-0"]
[WhiteElo "1993"]
[BlackElo "1613"]
[PlyCount "57"]
[EventDate "2011.??.??"]
[EventType "swiss"]
[EventRounds "9"]
[EventCountry "DEN"]

1. c4 g6 2. e4 Bg7 3. d4 d6 4. Nc3 Nf6 5. Be2 O-O 6. f4 Nbd7 7. Nf3 c5 8. d5
Nb6 9. O-O Ne8 10. Be3 f5 11. e5 Qc7 12. Qd2 Nd7 13. Ng5 Nb6 14. e6 Nf6 15. a4
a5 16. h3 h6 17. Nf3 Kh7 18. Ra2 Ra6 19. b3 Nh5 20. Nb5 Qd8 21. Qe1 Na8 22. Nh4
Nf6 23. Bd3 Qe8 24. g4 Ne4 25. Rg2 Rf6 26. gxf5 gxf5 27. Nxf5 Rg6 28. Bxe4
Rxg2+ 29. Kxg2 1-0

[Event "Copenhagen Chess Challenge 2011"]
[Site "Ballerup"]
[Date "2011.05.20"]
[Round "4"]
[White "Andersen, Kim Nyvang"]
[Black "Pawlak, Wojciech Zbigniew"]
[Result "1-0"]
[WhiteElo "1931"]
[BlackElo "1645"]
[PlyCount "37"]
[EventDate "2011.??.??"]
[EventType "swiss"]
[EventRounds "9"]
[EventCountry "DEN"]

1. d4 c6 2. c4 Nf6 3. Nc3 d5 4. Nf3 e6 5. Bg5 h6 6. Bh4 dxc4 7. e4 b5 8. e5 g5
9. Nxg5 hxg5 10. Bxg5 Nbd7 11. exf6 Bb7 12. g3 c5 13. d5 Bh6 14. Bxh6 Rxh6 15.
Bg2 b4 16. Na4 Qa5 17. dxe6 Bxg2 18. Qxd7+ Kf8 19. Qxf7# 1-0

[Event "Copenhagen Chess Challenge 2011"]
[Site "Ballerup"]
[Date "2011.05.20"]
[Round "4"]
[White "Haagen Larsen, Hans"]
[Black "Schmidt, Horst Hubert"]
[Result "1-0"]
[WhiteElo "1745"]
[BlackElo "1834"]
[PlyCount "101"]
[EventDate "2011.??.??"]
[EventType "swiss"]
[EventRounds "9"]
[EventCountry "DEN"]

1. d4 d5 2. Nf3 Nf6 3. Bf4 e6 4. e3 c5 5. c3 Nc6 6. Nbd2 Bd6 7. Bxd6 Qxd6 8.
dxc5 Qxc5 9. Be2 O-O 10. O-O e5 11. Rc1 Be6 12. Ng5 Bf5 13. Nb3 Qe7 14. f4 exf4
15. exf4 h6 16. Nf3 Qe3+ 17. Kh1 Ng4 18. Nfd4 Nxd4 19. Nxd4 Nf2+ 20. Rxf2 Qxf2
21. Nxf5 Qxf4 22. Ne7+ Kh8 23. Nxd5 Qe5 24. Bf3 Rad8 25. Qb3 Rfe8 26. h3 Rd7
27. c4 b6 28. Qc3 Qg3 29. Bg4 Qxc3 30. Rxc3 Rd6 31. a4 g6 32. b4 f5 33. Bf3
Re1+ 34. Kh2 Ra1 35. c5 bxc5 36. bxc5 Rc6 37. Ne3 Rc7 38. Rc4 Kg7 39. c6 Kf7
40. g4 Ke6 41. Nd5 Rc8 42. gxf5+ gxf5 43. Nc3 Rc1 44. Kg3 Rg1+ 45. Kf4 Rf1 46.
Nb5 a6 47. Nd4+ Kf6 48. Rc5 Kg6 49. c7 Rf2 50. Rc6+ Kf7 51. Nxf5 1-0

[Event "Copenhagen Chess Challenge 2011"]
[Site "Ballerup"]
[Date "2011.05.20"]
[Round "4"]
[White "Ootes, Lennart"]
[Black "Ivanov, Mikhail"]
[Result "1/2-1/2"]
[WhiteElo "2194"]
[BlackElo "2424"]
[PlyCount "28"]
[EventDate "2011.??.??"]
[EventType "swiss"]
[EventRounds "9"]
[EventCountry "DEN"]

1. e4 c5 2. Nf3 Nc6 3. d4 cxd4 4. Nxd4 Nf6 5. Nc3 d6 6. Bg5 Qa5 7. Bb5 Bd7 8.
Nb3 Qc7 9. Bxf6 gxf6 10. Qh5 a6 11. Be2 e6 12. O-O b5 13. f4 b4 14. Nd1 a5
1/2-1/2

[Event "Copenhagen Chess Challenge 2011"]
[Site "Ballerup"]
[Date "2011.05.20"]
[Round "4"]
[White "Porte, Henrik"]
[Black "Hove, Esben Kjems"]
[Result "1-0"]
[WhiteElo "2128"]
[BlackElo "2276"]
[PlyCount "63"]
[EventDate "2011.??.??"]
[EventType "swiss"]
[EventRounds "9"]
[EventCountry "DEN"]

1. d4 d5 2. c4 c6 3. Nf3 Nf6 4. Nc3 dxc4 5. a4 Bf5 6. Ne5 Nbd7 7. Nxc4 Qc7 8.
g3 e5 9. dxe5 Nxe5 10. Bf4 Nfd7 11. Bg2 g5 12. Ne3 gxf4 13. Nxf5 fxg3 14. hxg3
O-O-O 15. Qc2 Kb8 16. Kf1 Nf6 17. Rc1 Qa5 18. Rh4 Nd3 19. exd3 Qxf5 20. Rf4 Qg6
21. Qb3 Nd7 22. Ne2 Qe6 23. Qc3 f6 24. Nd4 Qd6 25. Nxc6+ bxc6 26. Qb3+ Nb6 27.
a5 Qxd3+ 28. Qxd3 Rxd3 29. axb6 axb6 30. Rxc6 Rb3 31. Ra4 Be7 32. Rc2 1-0

[Event "Copenhagen Chess Challenge 2011"]
[Site "Ballerup"]
[Date "2011.05.20"]
[Round "4"]
[White "Hansen, Lars"]
[Black "Brondum, Eric"]
[Result "1/2-1/2"]
[WhiteElo "2246"]
[BlackElo "2116"]
[PlyCount "50"]
[EventDate "2011.??.??"]
[EventType "swiss"]
[EventRounds "9"]
[EventCountry "DEN"]

1. e4 g6 2. d4 Bg7 3. Nc3 d6 4. Be3 a6 5. h4 h5 6. Qd2 Nd7 7. O-O-O b5 8. f3
Bb7 9. Nge2 Rc8 10. Qe1 c5 11. dxc5 Nxc5 12. Bd4 Bxd4 13. Nxd4 Nd7 14. f4 Nh6
15. e5 dxe5 16. fxe5 Qc7 17. e6 Nc5 18. exf7+ Nxf7 19. b4 Nd7 20. Rh3 Nfe5 21.
Ne6 Qb6 22. Ng7+ Kf8 23. Ne6+ Ke8 24. Ng7+ Kf8 25. Ne6+ Ke8 1/2-1/2

[Event "Copenhagen Chess Challenge 2011"]
[Site "Ballerup"]
[Date "2011.05.20"]
[Round "4"]
[White "Haubro, Sigfred"]
[Black "Poulsen, Iver"]
[Result "1-0"]
[WhiteElo "2149"]
[BlackElo "2100"]
[PlyCount "45"]
[EventDate "2011.??.??"]
[EventType "swiss"]
[EventRounds "9"]
[EventCountry "DEN"]

1. Nf3 d5 2. b3 Nf6 3. Bb2 Bf5 4. e3 e6 5. Be2 Nbd7 6. O-O Bd6 7. d4 c5 8. c4
O-O 9. cxd5 Nxd5 10. Nbd2 cxd4 11. Nc4 Be7 12. Nxd4 Bg6 13. Bg4 Nc7 14. Qe2 Be4
15. Rad1 Qc8 16. Rc1 b6 17. Nd2 Bb7 18. Rfd1 Ba6 19. Qf3 Nc5 20. Qg3 Bf6 21.
Nc6 Nd5 22. Bxf6 Qxc6 23. Bf3 1-0

[Event "Copenhagen Chess Challenge 2011"]
[Site "Ballerup"]
[Date "2011.05.20"]
[Round "4"]
[White "Schmidt, Tommy B"]
[Black "Skovgaard, Ib"]
[Result "0-1"]
[WhiteElo "2143"]
[BlackElo "2012"]
[PlyCount "94"]
[EventDate "2011.??.??"]
[EventType "swiss"]
[EventRounds "9"]
[EventCountry "DEN"]

1. d4 d5 2. c4 c6 3. Nf3 Nf6 4. Nc3 dxc4 5. a4 Bg4 6. e3 e5 7. dxe5 Qxd1+ 8.
Nxd1 Ne4 9. Bxc4 Bb4+ 10. Bd2 Nxd2 11. Nxd2 Nd7 12. f4 O-O-O 13. Nc3 Nc5 14. h3
Bf5 15. Ke2 f6 16. g4 Bc2 17. Rhc1 Bd3+ 18. Bxd3 Nxd3 19. Rc2 fxe5 20. fxe5
Nxb2 21. Nde4 Nd3 22. Nd6+ Bxd6 23. exd6 Rxd6 24. Nb5 Rd7 25. Nd4 Nb4 26. Rc4
Nd5 27. Nc2 Rhd8 28. a5 a6 29. Rf1 Re8 30. Rf3 Rde7 31. Kd2 Nf6 32. Nd4 Ne4+
33. Kd3 g6 34. Nc2 Re5 35. Rf4 Nc5+ 36. Ke2 R8e7 37. Rc3 Ne6 38. Ra4 Ng5 39. h4
Ne4 40. Rcc4 Nd6 41. Rd4 Nb5 42. Rdc4 h5 43. gxh5 gxh5 44. Ra1 Re4 45. Raa4
Nc3+ 46. Kd3 Nxa4 47. Rxe4 Nc5+ 0-1

[Event "Copenhagen Chess Challenge 2011"]
[Site "Ballerup"]
[Date "2011.05.20"]
[Round "4"]
[White "Salomon, Johan"]
[Black "Nielsen, Jan Mose"]
[Result "1/2-1/2"]
[WhiteElo "1917"]
[BlackElo "2129"]
[PlyCount "100"]
[EventDate "2011.??.??"]
[EventType "swiss"]
[EventRounds "9"]
[EventCountry "DEN"]

1. e4 c5 2. Nf3 d6 3. d4 cxd4 4. Nxd4 Nf6 5. Nc3 g6 6. Be3 Bg7 7. f3 a6 8. Qd2
Nbd7 9. O-O-O b5 10. g4 Bb7 11. h4 h5 12. g5 Nh7 13. Bh3 O-O 14. Rhf1 Ne5 15.
b3 Qa5 16. f4 b4 17. Nb1 Ng4 18. Bxg4 hxg4 19. a3 Bxe4 20. Qxb4 Qc7 21. Rd2
Rfc8 22. Ne6 Qb7 23. Qxb7 Bxb7 24. Nxg7 Kxg7 25. Bd4+ Kg8 26. Nc3 Bf3 27. Nd1
Rab8 28. Kb2 Nf8 29. Ne3 Ne6 30. f5 Nc5 31. fxg6 fxg6 32. Bxc5 Rxc5 33. Rg1 Kg7
34. Rf2 Rf5 35. Nxf5+ gxf5 36. c4 Rh8 37. Rxf3 gxf3 38. Rf1 Rxh4 39. Rxf3 f4
40. b4 e5 41. Rd3 f3 42. Rxf3 Rxc4 43. Rf6 Rd4 44. Kc3 Rd1 45. a4 e4 46. a5
Rd3+ 47. Kc2 Rd4 48. Kc3 Rd3+ 49. Kc4 Rd1 50. Kc3 Rd3+ 1/2-1/2

[Event "Copenhagen Chess Challenge 2011"]
[Site "Ballerup"]
[Date "2011.05.20"]
[Round "4"]
[White "Grau, Peter"]
[Black "Christensen, Casper"]
[Result "1-0"]
[WhiteElo "2101"]
[BlackElo "1948"]
[PlyCount "85"]
[EventDate "2011.??.??"]
[EventType "swiss"]
[EventRounds "9"]
[EventCountry "DEN"]

1. c4 c5 2. Nc3 Nc6 3. g3 Nf6 4. Bg2 g6 5. d3 Bg7 6. h3 a6 7. Bd2 Rb8 8. Qa4 d6
9. Bxc6+ bxc6 10. Nd1 O-O 11. Nf3 Qc7 12. Kf1 e5 13. e4 Nh5 14. Kg2 f5 15. a3
h6 16. Ne1 Bb7 17. Rc1 d5 18. f3 f4 19. g4 Ng3 20. Rh2 Qd8 21. cxd5 cxd5 22.
Kg1 dxe4 23. dxe4 Rc8 24. Rc4 Qd6 25. Qc2 Bc6 26. a4 Bd7 27. Ba5 Be6 28. Rd2
Qe7 29. b3 Qh4 30. Nf2 h5 31. Rd6 Bxc4 32. Qxc4+ Kh7 33. Rd7 Rcd8 34. Bxd8 Rxd8
35. Ng2 Qf6 36. Rxd8 Qxd8 37. gxh5 gxh5 38. h4 Qd2 39. Qd3 Qc1+ 40. Kh2 Qb2 41.
Nh3 Qd4 42. Qxa6 Qd8 43. Ng5+ 1-0

[Event "Copenhagen Chess Challenge 2011"]
[Site "Ballerup"]
[Date "2011.05.20"]
[Round "4"]
[White "Brorsen, Jacob Abildlund"]
[Black "Vesterli, Michael E"]
[Result "1/2-1/2"]
[WhiteElo "2064"]
[BlackElo "1959"]
[PlyCount "114"]
[EventDate "2011.??.??"]
[EventType "swiss"]
[EventRounds "9"]
[EventCountry "DEN"]

1. d4 Nf6 2. c4 g6 3. Nc3 Bg7 4. e4 d6 5. Nf3 O-O 6. h3 e5 7. d5 a5 8. Bg5 Na6
9. g4 Nc5 10. Nd2 Qe8 11. Qf3 Nfd7 12. Rg1 Nb6 13. h4 f5 14. gxf5 gxf5 15. Bh6
Rf7 16. exf5 Nbd7 17. Nde4 Nxe4 18. Nxe4 Qf8 19. Bh3 Kh8 20. Bxg7+ Rxg7 21. Rg5
h6 22. Qh5 Qf7 23. Qxh6+ Rh7 24. Qg6 Qxg6 25. fxg6 Re7 26. Ke2 Nc5 27. Nxc5
Bxh3 28. Ne4 Kg7 29. Rag1 Rh8 30. h5 Bd7 31. R1g3 b5 32. b3 bxc4 33. bxc4 a4
34. Kd2 Ree8 35. Rf3 Re7 36. Ke3 Bc8 37. Kd2 Bd7 38. Kc3 Bc8 39. Kb4 Bd7 40. c5
dxc5+ 41. Nxc5 Kh6 42. Rg1 Rb8+ 43. Kc4 Rb2 44. Nxd7 Rxd7 45. Rf7 Rxf7 46. gxf7
Rxf2 47. Kb5 Rxf7 48. Kxa4 Rd7 49. Rd1 Kxh5 50. Kb5 Rd6 51. Kc5 Ra6 52. Rd2 Kg4
53. Rf2 Kg3 54. Rf7 Rxa2 55. Rxc7 Rc2+ 56. Kd6 Rxc7 57. Kxc7 e4 1/2-1/2

[Event "Copenhagen Chess Challenge 2011"]
[Site "Ballerup"]
[Date "2011.05.20"]
[Round "4"]
[White "Skytte, Torill"]
[Black "Leosson, Atli Johann"]
[Result "1/2-1/2"]
[WhiteElo "1992"]
[BlackElo "1673"]
[PlyCount "88"]
[EventDate "2011.??.??"]
[EventType "swiss"]
[EventRounds "9"]
[EventCountry "DEN"]

1. d4 d5 2. Nf3 Nf6 3. c4 c6 4. Bf4 Bf5 5. Qb3 Qb6 6. e3 e6 7. c5 Qxb3 8. axb3
Bxb1 9. Rxb1 Nh5 10. Bg3 Nxg3 11. hxg3 Nd7 12. b4 a6 13. Bd3 h6 14. Ra1 Be7 15.
b5 cxb5 16. Bxb5 Rc8 17. Ba4 Bf6 18. Rb1 Ke7 19. b4 Rc7 20. O-O b5 21. Bd1 Ra8
22. Be2 Nb8 23. Nh2 Nc6 24. f4 g6 25. Ng4 Bg7 26. Nf2 Rb7 27. Nd3 a5 28. bxa5
Nxa5 29. Nb4 Nc4 30. Bxc4 dxc4 31. Rfc1 Ra3 32. Kf2 f6 33. Rxc4 bxc4 34. Nc6+
Kd7 35. Rxb7+ Kxc6 36. Rxg7 c3 37. Ke2 c2 38. Kd2 Rxe3 39. Rxg6 Re2+ 40. Kc1
Kd5 41. Rxh6 Rxg2 42. Rh5+ f5 43. Rh1 Rxg3 44. c6 Kxc6 1/2-1/2

[Event "Copenhagen Chess Challenge 2011"]
[Site "Ballerup"]
[Date "2011.05.20"]
[Round "4"]
[White "Andreasen, Rene"]
[Black "Holtzmann, Sonny"]
[Result "0-1"]
[WhiteElo "1847"]
[BlackElo "1659"]
[PlyCount "78"]
[EventDate "2011.??.??"]
[EventType "swiss"]
[EventRounds "9"]
[EventCountry "DEN"]

1. d4 Nf6 2. Nd2 d5 3. Ngf3 e6 4. e3 c5 5. c3 Nc6 6. Bd3 Bd6 7. O-O O-O 8. Qe2
Re8 9. dxc5 Bxc5 10. e4 e5 11. Rd1 d4 12. Nb3 Bb6 13. Bd2 Bg4 14. h3 Bh5 15. g4
Bg6 16. Bg5 Qd6 17. Nh4 Rad8 18. Nf5 Bxf5 19. gxf5 Rd7 20. Kh1 Rc8 21. c4 Nb4
22. a3 Nxd3 23. Qxd3 Nh5 24. Rac1 a5 25. Rc2 a4 26. Nc1 Bd8 27. Bxd8 Rcxd8 28.
Ne2 Qh6 29. Qd2 Rd6 30. Qxh6 Rxh6 31. Rcd2 Nf6 32. Ng3 Rxh3+ 33. Kg2 Rh4 34. f3
Rc8 35. Rc1 Rc6 36. Rd3 Nd7 37. b4 axb3 38. Rxb3 Nc5 39. a4 Nxb3 0-1

[Event "Copenhagen Chess Challenge 2011"]
[Site "Ballerup"]
[Date "2011.05.20"]
[Round "4"]
[White "Jensen, Simon Stibolt"]
[Black "Lodahl, Holger"]
[Result "0-1"]
[WhiteElo "1748"]
[BlackElo "1939"]
[PlyCount "92"]
[EventDate "2011.??.??"]
[EventType "swiss"]
[EventRounds "9"]
[EventCountry "DEN"]

1. e4 c5 2. Nf3 d6 3. d4 cxd4 4. Nxd4 Nf6 5. Nc3 a6 6. Be3 e5 7. Nf3 Be7 8. Bc4
O-O 9. Qd2 Nbd7 10. O-O-O b6 11. Bd5 Rb8 12. h4 Qc7 13. h5 Bb7 14. Bxb7 Qxb7
15. h6 g6 16. Bg5 Rfe8 17. Rhe1 Rbc8 18. Nd5 Nxd5 19. exd5 f6 20. Be3 b5 21. g4
Rc4 22. Rg1 Rec8 23. Ne1 Bd8 24. Rg2 Nb6 25. Bxb6 Bxb6 26. Qe2 Qc7 27. Kb1 Ba5
28. c3 b4 29. Rg3 bxc3 30. Rc1 Qb7 31. b3 Rd4 32. Qf3 Rf4 33. Qe2 Rd4 34. Rc2
Rd2 35. Qf3 Kf7 36. g5 f5 37. Nd3 Rxc2 38. Kxc2 e4 39. Qf4 exd3+ 40. Rxd3 Qb6
41. Rd4 Re8 42. b4 Re2+ 43. Kxc3 Qb8 44. bxa5 Qb2+ 45. Kc4 Rc2+ 46. Kd3 Qc3#
0-1

[Event "Copenhagen Chess Challenge 2011"]
[Site "Ballerup"]
[Date "2011.05.20"]
[Round "4"]
[White "Hein, Jacob"]
[Black "Petrovski, Petruli"]
[Result "0-1"]
[WhiteElo "1577"]
[BlackElo "1826"]
[PlyCount "58"]
[EventDate "2011.??.??"]
[EventType "swiss"]
[EventRounds "9"]
[EventCountry "DEN"]

1. Nf3 Nf6 2. d4 g6 3. b3 Bg7 4. Bb2 d6 5. Nbd2 O-O 6. h3 b6 7. e4 Bb7 8. Bd3
Na6 9. a3 c5 10. Qe2 Nc7 11. d5 e6 12. c4 Re8 13. O-O exd5 14. cxd5 Ncxd5 15.
Bc4 Nf4 16. Qe3 Ne6 17. Rad1 d5 18. Bb5 d4 19. Qe2 Nf4 20. Qc4 Re7 21. Nxd4
cxd4 22. Nf3 a6 23. Rxd4 Qc8 24. Qxc8+ Rxc8 25. Bc4 b5 26. Bd3 Nxe4 27. Rxe4
Bxe4 28. Bxg7 Bxd3 29. Bf6 Re6 0-1

[Event "Copenhagen Chess Challenge 2011"]
[Site "Ballerup"]
[Date "2011.05.20"]
[Round "5"]
[White "Smith, Axel"]
[Black "Hector, Jonny"]
[Result "1/2-1/2"]
[WhiteElo "2450"]
[BlackElo "2585"]
[PlyCount "120"]
[EventDate "2011.??.??"]
[EventType "swiss"]
[EventRounds "9"]
[EventCountry "DEN"]

1. d4 Nf6 2. c4 e5 3. dxe5 Ng4 4. Bf4 Nc6 5. Nf3 Bb4+ 6. Nbd2 Qe7 7. a3 Ngxe5
8. Nxe5 Nxe5 9. e3 Bxd2+ 10. Qxd2 d6 11. Qc3 f6 12. Be2 b6 13. O-O Bb7 14. b4
Nd7 15. c5 bxc5 16. Bh5+ g6 17. Bg4 Ne5 18. Bxe5 Qxe5 19. Qxe5+ fxe5 20. bxc5
d5 21. f4 h5 22. Be2 e4 23. f5 g5 24. f6 Kf7 25. Rf5 g4 26. c6 Bxc6 27. Rc1 Kg6
28. Rff1 Be8 29. f7 Bxf7 30. Rc6+ Kg7 31. Rxc7 Rhf8 32. h3 Rab8 33. hxg4 Rb2
34. Bd1 h4 35. g5 Kg8 36. Bg4 Rb6 37. Rxa7 Bg6 38. a4 Rxf1+ 39. Kxf1 Rb1+ 40.
Kf2 Rb2+ 41. Kg1 Rb3 42. Be6+ Kf8 43. Bxd5 Rxe3 44. Ra6 Kg7 45. Re6 Bf5 46. Rf6
Bg6 47. Re6 Bf5 48. Re5 Kg6 49. a5 Kxg5 50. a6 Ra3 51. Bxe4 Kf4 52. Rxf5+ Kxe4
53. Rf6 h3 54. gxh3 Rxh3 55. Rf8 Ra3 56. Ra8 Kd5 57. a7 Kc6 58. Rc8+ Kb7 59.
a8=R Rxa8 60. Rxa8 Kxa8 1/2-1/2

[Event "Copenhagen Chess Challenge 2011"]
[Site "Ballerup"]
[Date "2011.05.20"]
[Round "5"]
[White "Brynell, Stellan"]
[Black "Hagen, Andreas Skytte"]
[Result "1-0"]
[WhiteElo "2486"]
[BlackElo "2346"]
[PlyCount "69"]
[EventDate "2011.??.??"]
[EventType "swiss"]
[EventRounds "9"]
[EventCountry "DEN"]

1. d4 Nf6 2. c4 g6 3. Nf3 Bg7 4. Nc3 d5 5. e3 O-O 6. cxd5 Nxd5 7. Bc4 Nxc3 8.
bxc3 c5 9. O-O Qc7 10. Qe2 Nc6 11. Ba3 Na5 12. Bd3 b6 13. Rac1 Bb7 14. Rfd1
Rfd8 15. h4 Rac8 16. h5 Qc6 17. hxg6 hxg6 18. Bb5 Qc7 19. Bd3 Bf6 20. e4 e6 21.
Qe3 Kg7 22. g3 Rh8 23. Kg2 Qc6 24. dxc5 bxc5 25. Rh1 c4 26. Bc2 Qb6 27. Qf4 Nc6
28. Rb1 Qa6 29. Bd6 Rcg8 30. e5 Bd8 31. Be4 Na5 32. Nd2 Bc8 33. Bf3 Nb7 34. Bb4
f5 35. exf6+ 1-0